000 00376nam a2200133Ia 4500
005 20260328104245.0
008 260328s9999||||xx |||||||||||||| ||und||
100 _aGross, Patricio
245 0 _aArquitectura de uso Público :
_b reinventar el Futuro /
_cPatricio Gross
260 _bColegio de Arquitectos de Chile
300 _a295 p.
650 _aARQUITECTURA
942 _cBK
999 _c10029
_d10029